Music Quiz

Random Music or Color Quiz

'Ain't No Mountain High Enough' Lyrics Quiz Stats

 Plays Quiz Updated Mar 19, 2013

Challenge
Share
Tweet
Embed
Score 0/275 Timer 05:00
0 Plays Today
% Correct
no
98.9%
no
98.9%
no
98.9%
no
98.9%
no
98.9%
no
98.9%
no
98.9%
no
98.9%
no
98.9%
no
98.9%
no
98.9%
no,
98.9%
no
98.9%
no
98.9%
no
98.9%
No,
98.9%
no
98.9%
no
98.9%
no
98.9%
no
98.9%
no
98.8%
No
98.8%
no
98.8%
no
98.8%
ain't
98.4%
ain't
98.4%
Ain't
98.4%
Ain't
98.4%
Ain't
98.4%
ain't
98.4%
ain't
98.4%
ain't
98.4%
Ain't
98.4%
Ain't
98.4%
mountain
98.4%
mountain
98.4%
Ain't
98.3%
Ain't
98.3%
mountain
98.3%
Ain't
98.3%
ain't
98.3%
Ain't
98.3%
Ain't
98.3%
Ain't
98.3%
mountain
98.3%
mountain
98.3%
mountain
98.3%
high
98.2%
high
98.2%
high
98.2%
high,
98.2%
high
98.1%
high
98.1%
enough
97.8%
enough.
97.8%
enough…
97.8%
enough.
97.8%
enough.
97.8%
enough.
97.8%
enough.
97.8%
enough.
97.7%
enough.
97.7%
enough.
97.7%
enough,
97.7%
enough.
97.7%
enough.
97.7%
enough.
97.7%
enough,
97.6%
a
96.7%
a
96.7%
a
96.6%
you,
95.9%
you
95.9%
you
95.9%
you,
95.8%
you,
95.9%
you
95.8%
you,
95.8%
you
95.8%
you
95.8%
you
95.8%
you
95.8%
you,
95.8%
you
95.8%
You
95.8%
you
95.8%
me,
94.9%
me,
94.9%
me
94.8%
me,
94.8%
me
94.8%
me
94.8%
% Correct
me,
94.8%
me
94.8%
me,
94.8%
me,
94.8%
I
94.1%
I
94.1%
I
94.1%
I
94.1%
river
93.8%
river
93.8%
river
93.7%
river
93.7%
river
93.7%
to
93.4%
to
93.4%
to
93.3%
to
93.3%
to
93.3%
To
93.3%
to
93.3%
to
93.3%
To
93.3%
low
92.9%
low.
92.9%
low
92.9%
low
92.9%
low
92.9%
low
92.8%
valley
91.8%
valley
91.7%
valley
91.7%
valley
91.7%
valley
91.7%
valley
91.7%
wide
91.4%
wide
91.4%
wide
91.4%
wide
91.4%
wide
91.4%
from
90.2%
From
90.2%
from
90.2%
from
90.2%
from
90.1%
keep
88.9%
keep
88.9%
keep
88.9%
keep
88.8%
there
88%
there
88%
there,
88%
there
87.9%
there
87.9%
there,
87.9%
there
87.9%
there
87.9%
the
86.6%
the
86.6%
the
86.6%
getting
80.2%
getting
80.1%
getting
80.1%
getting
80.1%
baby,
78.3%
baby,
78.3%
baby,
78.3%
baby.
78.2%
baby.
78.2%
baby.
78.2%
baby.
78.2%
baby.
78.2%
be
77.1%
be
77.1%
be
77.1%
be
77.1%
in
74.9%
in
74.8%
in
74.8%
are
69.7%
are.
69.7%
are
69.7%
If
68.5%
If
68.5%
If
68.5%
need
67.2%
need
67.2%
where
66.8%
I'll
66.7%
I'll
66.7%
I'll
66.6%
call
66.6%
I'll
66.6%
% Correct
call
66.6%
how.
66.5%
how
66.5%
my
66.3%
My
66.2%
my
66.2%
my
66.2%
'Cause
64.2%
'Cause
64.1%
'Cause
64.1%
matter
64%
matter
64%
don't
61.9%
don't
61.9%
on
61.9%
on
61.9%
Don't
61.8%
Don't
61.8%
on,
61.8%
on
61.8%
babe.
61.5%
babe.
61.5%
babe.
61.5%
babe.
61.5%
far,
61%
Just
59.1%
just
59.1%
Just
59%
worry
58%
worry.
58%
have
57.8%
hurry.
56.3%
oh
55.7%
Oh
55.7%
that
54.4%
that
54.4%
that
54.3%
when
54%
love
54%
love.
53.9%
name,
52.2%
can.
50.9%
can
50.8%
we
46.9%
day
45.7%
day
45.6%
for
45.4%
know
45.3%
know
45.3%
is
44.6%
ever
42.7%
ever
42.7%
want
40.2%
way,
38.5%
Listen
38.4%
way
38.4%
always
37.5%
you're
37.1%
double,
36.3%
count
36.3%
double.
36.2%
could
35.2%
Remember
34.1%
some
33.6%
some
33.6%
as
33.3%
as
33.3%
free?
32.9%
set
32.7%
trouble,
32.7%
told
31%
rain.
30.3%
stop
30.2%
darlin'.
30.1%
darling,
29.9%
wind,
29.9%
hand.
29.7%
made
28.7%
vow.
28.5%
helping
28.3%
fast
24.7%
heart.
24.6%
Or
23.6%
winter's
21.8%
down
21.8%
cold
20.8%
apart.
20.5%
miles
19.1%
alive
19%
send
17.6%
Although
14.9%

You're not logged in!

Compare scores with friends on all Sporcle quizzes.
OR
Log In

You Might Also Like...

Show Comments

Extras

Top Quizzes Today


Score Distribution

Your Account Isn't Verified!

In order to create a playlist on Sporcle, you need to verify the email address you used during registration. Go to your Sporcle Settings to finish the process.

Report this User

Report this user for behavior that violates our Community Guidelines.

Details: